000 01328cam a22004094i 4500
003 PE-LiUPU
005 20250731172855.0
008 160822s r 000 0 spa d
020 _a0310235316
020 _a9780310235316
035 _a(Sirsi) a163078
082 0 4 _a231.7
_bY78
100 1 _aPhilip, Yance,
_eautor.
245 _areaching for the invisible god :
_bWhat can we expect to find? /
_cPhilip Yance.
264 _aMichigan :
_bSONDERVAN,
_c2000.
300 _a301 páginas ;
_c23 centímetros.
336 _text
_2rdacontent
337 _unmediated
_2rdamedia
338 _volume
_2rdacarrier
505 0 _aOur longing for God -- When God seems absent, indifferent, or even hostile -- Contact with the invisible -- A partnership of unequals -- Stages along the way -- The relationship's end.
526 _aSEG42
526 _aSEG41
526 _aSEG40
526 _aSEG39
526 _aP94
526 _aP87
526 _aP86
526 _aP85
526 _aP77
526 _aP76
526 _aP35
910 _chop
596 _a1
942 _2ddc
_cBOOK
999 _a231.7 Y78
_wDEWEY
_c11987
_i70847
_f2021-11-9
_g5
_lCCODEBUL1
_mBUL
_r0
_sY
_tBOOK
_u2016-8-22
_xTEOLOGIA
_PP35
_0COMPRA
_o.STAFF. Colección General
_d11987
980 _81
_gALBERTO SANCHEZ Responsable de Automatización